Представление документа в формате MARC21

ПолеНазваниеЗначение
  Тип записи a
  Библиографический уровень m
001 Контрольный номер RU/URAIT/587555
005 Дата корректировки 20260429163652.8
008 Кодируемые данные 260429s2026 RU y f j 000 0 rus u
020 Индекс ISBN __
a ISBN 978-5-534-11519-2
c Цена, тираж 639.00
040 Источник каталогиз. __
a Служба первич. каталог. ИКО Юрайт
c Служба, преобразующая запись ИКО Юрайт
e Правила каталог. RCR
041 Код языка издания __
a Код языка текста rus
044 Код страны публикации __
a Код страны публикации RU
080 Индекс УДК __
a Индекс УДК 796(075.32)
084 Индекс другой классификации/Индекс ББК __
2 Источник индекса rubbk
a Индекс другой классификации/Индекс ББК 75я723
100 Автор __
a Автор Туревский И. М.
q Полное имя Туревский Илья Мордухович
245 Заглавие __
a Заглавие Физическая подготовка: сдача нормативов комплекса ГТО
b Продолж. заглавия учебник для спо
c Ответственность И. М. Туревский, В. Н. Бородаенко, Л. В. Тарасенко.
250 Сведения об издании __
a Основные сведения об издании 2-е изд.
256 Характеристики компьютерного файла __
a Характеристики компьютерного файла Электрон. дан.
260 Выходные данные __
a Место издания Москва
b Издательство Юрайт
c Дата издания 2026
300 Физическое описание __
a Объем 148 с
440 Серия __
a Серия Профессиональное образование
500 Примечания __
a Примечание URL: https://urait.ru/bcode/587555 (дата обращения: 29.04.2026).
520 Аннотация __
a Аннотация В учебном пособии содержится богатая информация об истории возникновения и развития ГТО, о его структуре и формах испытаний, а также о технологии подготовки к сдаче нормативов. В книге представлены задания на развитие двигательных качеств для подготовки и сдачи комплекса испытаний, а также прописаны все современные нормы ГТО. Соответствует актуальным требованиям Федерального государственного образовательного стандарта среднего профессионального образования и профессиональным требованиям. Книга предназначена для студентов, преподавателей и практикующих специалистов.
538 Прим. о системных особенностях __
a Прим. о системных особенностях Режим доступа: Электронно-библиотечная система Юрайт, для авториз. пользователей
653 Ключевые слова __
a Ключевые слова Физическая культура
653 Ключевые слова __
a Ключевые слова Гуманитарные науки
653 Ключевые слова __
a Ключевые слова Физическая культура
653 Ключевые слова __
a Ключевые слова Физическая культура (физическая подготовка)
653 Ключевые слова __
a Ключевые слова Физкультура
653 Ключевые слова __
a Ключевые слова Адаптивная физическая культура
653 Ключевые слова __
a Ключевые слова Физическая подготовка
653 Ключевые слова __
a Ключевые слова Физическая культура и спорт
653 Ключевые слова __
a Ключевые слова Общая физическая подготовка
653 Ключевые слова __
a Ключевые слова Физическая культура (базовая подготовка)
653 Ключевые слова __
a Ключевые слова Физическая культура (углубленная подготовка)
653 Ключевые слова __
a Ключевые слова Физическая культура (ЗОЖ)
653 Ключевые слова __
a Ключевые слова Основы адаптивной физической культуры
653 Ключевые слова __
a Ключевые слова Общая физическая культура
653 Ключевые слова __
a Ключевые слова Основы физической культуры
653 Ключевые слова __
a Ключевые слова Физическая культура спорт
653 Ключевые слова __
a Ключевые слова Физическая культура и спорт2
653 Ключевые слова __
a Ключевые слова Элективная физическая культура
653 Ключевые слова __
a Ключевые слова Элективная физическая культура и спорт
653 Ключевые слова __
a Ключевые слова Физическая культура. Общие вопросы
653 Ключевые слова __
a Ключевые слова Физическая культура и спорт: теория и практика
653 Ключевые слова __
a Ключевые слова Физическая культура и здоровье
653 Ключевые слова __
a Ключевые слова Базовая физическая культура
653 Ключевые слова __
a Ключевые слова Физическая культура/ Адаптивная физическая культура
653 Ключевые слова __
a Ключевые слова Физическая культура / Адаптивная физическая культура
653 Ключевые слова __
a Ключевые слова Адаптивная физическая культура и спорт
653 Ключевые слова __
a Ключевые слова Адаптивная физическая культура. Общие вопросы
653 Ключевые слова __
a Ключевые слова Физическая культура и спорт (Адаптивная группа)
653 Ключевые слова __
a Ключевые слова Физическая культура и спорт. Общая физическая подготовка
653 Ключевые слова __
a Ключевые слова Физическая культура и спорт. Спортивная подготовка
653 Ключевые слова __
a Ключевые слова Элективные дисциплины по физической культуре и спорту (Адаптивная физическая культура)
653 Ключевые слова __
a Ключевые слова Элективные курсы по физической культуре и спорту (Адаптивная физическая культура)
653 Ключевые слова __
a Ключевые слова Физическая культура здоровье
653 Ключевые слова __
a Ключевые слова Физическая культура (элективная дисциплина)
653 Ключевые слова __
a Ключевые слова Физическая культура и спорт (элективный курс)
653 Ключевые слова __
a Ключевые слова Элективные курсы по физической культуре, Физическая культура и спорт
653 Ключевые слова __
a Ключевые слова Физическая культура (элективные курсы)
653 Ключевые слова __
a Ключевые слова Физическая культура: общая физическая подготовка
653 Ключевые слова __
a Ключевые слова Организация процесса разработки и реализации парциальной образовательной программы в области физического развития
653 Ключевые слова __
a Ключевые слова Организация процесса и реализации парциальной образовательной программы в области физического развития
700 Другие авторы __
a Другие авторы Бородаенко В. Н.
q Полное имя Бородаенко Владимир Николаевич
700 Другие авторы __
a Другие авторы Тарасенко Л. В.
q Полное имя Тарасенко Людмила Васильевна
856 Электронный адрес документа 40
n Местонахождение сервера Юрайт
g Электронная книга
q Тип электронного формата html
h Имя пользователя ЮРАЙТ
v Часы доступа к ресурсу 20271231
2 Способ доступа Показать документ
x Служебное примечание https://urait.ru/book/cover/AF36EDD9-0CE8-4DED-B7EA-D462F7D23EC6
u URL https://urait.ru/bcode/587555
856 Электронный адрес документа 48
q Тип электронного формата cover
u URL https://urait.ru/book/cover/AF36EDD9-0CE8-4DED-B7EA-D462F7D23EC6
911 __
u 0030=https://urait.ru/bcode/587555
911 __
u 073a=9785534115192
u 073d=639.00
911 __
u 106a=s
911 __
u 900l=
952 Тип литературы __
i Дисциплина Физическая культура
952 Тип литературы __
i Дисциплина Физическая культура (физическая подготовка)
952 Тип литературы __
i Дисциплина Физкультура
952 Тип литературы __
i Дисциплина Адаптивная физическая культура
952 Тип литературы __
i Дисциплина Физическая подготовка
952 Тип литературы __
i Дисциплина Физическая культура и спорт
952 Тип литературы __
i Дисциплина Общая физическая подготовка
952 Тип литературы __
i Дисциплина Физическая культура (базовая подготовка)
952 Тип литературы __
i Дисциплина Физическая культура (углубленная подготовка)
952 Тип литературы __
i Дисциплина Физическая культура (ЗОЖ)
952 Тип литературы __
i Дисциплина Основы адаптивной физической культуры
952 Тип литературы __
i Дисциплина Общая физическая культура
952 Тип литературы __
i Дисциплина Основы физической культуры
952 Тип литературы __
i Дисциплина Физическая культура спорт
952 Тип литературы __
i Дисциплина Физическая культура и спорт2
952 Тип литературы __
i Дисциплина Элективная физическая культура
952 Тип литературы __
i Дисциплина Элективная физическая культура и спорт
952 Тип литературы __
i Дисциплина Физическая культура. Общие вопросы
952 Тип литературы __
i Дисциплина Физическая культура и спорт: теория и практика
952 Тип литературы __
i Дисциплина Физическая культура и здоровье
952 Тип литературы __
i Дисциплина Базовая физическая культура
952 Тип литературы __
i Дисциплина Физическая культура/ Адаптивная физическая культура
952 Тип литературы __
i Дисциплина Физическая культура / Адаптивная физическая культура
952 Тип литературы __
i Дисциплина Адаптивная физическая культура и спорт
952 Тип литературы __
i Дисциплина Адаптивная физическая культура. Общие вопросы
952 Тип литературы __
i Дисциплина Физическая культура и спорт (Адаптивная группа)
952 Тип литературы __
i Дисциплина Физическая культура и спорт. Общая физическая подготовка
952 Тип литературы __
i Дисциплина Физическая культура и спорт. Спортивная подготовка
952 Тип литературы __
i Дисциплина Элективные дисциплины по физической культуре и спорту (Адаптивная физическая культура)
952 Тип литературы __
i Дисциплина Элективные курсы по физической культуре и спорту (Адаптивная физическая культура)
952 Тип литературы __
i Дисциплина Физическая культура здоровье
952 Тип литературы __
i Дисциплина Физическая культура (элективная дисциплина)
952 Тип литературы __
i Дисциплина Физическая культура и спорт (элективный курс)
952 Тип литературы __
i Дисциплина Элективные курсы по физической культуре, Физическая культура и спорт
952 Тип литературы __
i Дисциплина Физическая культура (элективные курсы)
952 Тип литературы __
i Дисциплина Физическая культура: общая физическая подготовка
952 Тип литературы __
i Дисциплина Организация процесса разработки и реализации парциальной образовательной программы в области физического развития
952 Тип литературы __
i Дисциплина Организация процесса и реализации парциальной образовательной программы в области физического развития